LIBRARY & INFORMATION CENTRE, KCAET, TAVANUR

ONLINE PUBLIC ACCESS CATALOGUE (OPAC)

Seed physiology vol-2 / (Record no. 8688)

MARC details
000 -LEADER
fixed length control field 00416cam a2200169ua 4500
020 ## - INTERNATIONAL STANDARD BOOK NUMBER
ISBN 0 12511902 x
041 ## - LANGUAGE CODE
Language code of text/sound track or separate title eng
082 ## - DEWEY DECIMAL CLASSIFICATION NUMBER
Classification number 631.521
Item number MUR/SE
100 ## - MAIN ENTRY--AUTHOR NAME
Personal name Murray, David R .
245 ## - TITLE STATEMENT
Title Seed physiology vol-2 /
250 ## - EDITION STATEMENT
Edition statement 1 /
260 ## - PUBLICATION, DISTRIBUTION, ETC. (IMPRINT)
Place of publication New York :
Name of publisher Academic Press ,
Year of publication 1984.
300 ## - PHYSICAL DESCRIPTION
Number of Pages 295 ; .
942 ## - ADDED ENTRY ELEMENTS (KOHA)
Koha item type Books
Holdings
Withdrawn status Lost status Damaged status Home library Current library Date acquired Full call number Accession Number Koha item type
      KAUAET KAUAET 31/03/1987 631.521 16355 Books
free website counter